[Event "IECG CA.2004.0.00122 email"]
[Site "IECG email"]
[Date "2004.04.23"]
[Round "?"]
[White "Polevoy, Nickolay"]
[Black "Authier, Alain"]
[Result "1/2-1/2"]
[WhiteElo "2146"]
[BlackElo "2172"]
[PlyCount "61"]
[EventDate "2004.04.23"]
[EventType "tourn (corr)"]
[EventRounds "6"]
[SourceTitle "Corr 2008"]
[Source "ChessBase"]
[SourceDate "2008.06.24"]
[SourceVersion "1"]
[SourceVersionDate "2008.06.24"]
[SourceQuality "1"]

1. d4 Nf6 2. c4 c5 3. d5 b5 4. Nf3 a6 5. Qc2 d6 6. e4 bxc4 7. Bxc4 g6 8. 0-0 Bg7 9. Bd2 Nbd7 10. Bc3 Nb6 11. Be2 0-0 12. Nbd2 Bd7 13. Nc4 Nxc4 14. Bxc4 Bb5 15. b3 Qd7 16. e5 Nh5 17. Qe4 Bxc4 18. bxc4 Rae8 19. Rad1 Qa4 20. Nd2 f5 21. exf6 exf6 22. Qf3 Bh6 23. Ne4 Bf4 24. Bd2 Be5 25. Qb3 Qxb3 26. axb3 Bxh2+ 27. Kxh2 Rxe4 28. Ra1 Ra8 29. Rfe1 Rxe1 30. Rxe1 Ng7 31. Re7 1/2-1/2

[Event "IECG CA.2004.0.00122 email"]
[Site "IECG email"]
[Date "2004.04.23"]
[Round "?"]
[White "Pontikis, Asterios"]
[Black "Authier, Alain"]
[Result "1-0"]
[WhiteElo "2000"]
[BlackElo "2172"]
[PlyCount "57"]
[EventDate "2004.04.23"]
[EventType "tourn (corr)"]
[EventRounds "6"]
[SourceTitle "Corr 2008"]
[Source "ChessBase"]
[SourceDate "2008.06.24"]
[SourceVersion "1"]
[SourceVersionDate "2008.06.24"]
[SourceQuality "1"]

1. g4 e5 2. Bg2 h5 3. d4 exd4 4. g5 Nc6 5. Nf3 Bc5 6. Nbd2 d5 7. Nb3 Qd6 8. Nxc5 Qxc5 9. Bf4 Nge7 10. Qd2 Ng6 11. Bxc7 Qe7 12. Bf4 Nxf4 13. Qxf4 Qb4+ 14. c3 Qxb2 15. 0-0 dxc3 16. g6 fxg6 17. Qe3+ Ne7 18. Rfb1 Qc2 19. Nd4 Qd2 20. Qe5 c2 21. Rc1 Bf5 22. e4 dxe4 23. Rxc2 Qg5 24. Ne6 Qf6 25. Qxf6 gxf6 26. Nc7+ Kf7 27. Nxa8 Rxa8 28. Rc7 Ke6 29. Re1 1-0

[Event "IECG WC.2003.S.00010 email"]
[Site "IECG email"]
[Date "2001.04.01"]
[Round "?"]
[White "Authier, Alain"]
[Black "Soldini, Paolo"]
[Result "1-0"]
[WhiteElo "2047"]
[BlackElo "1474"]
[PlyCount "55"]
[EventDate "2001.04.01"]
[EventType "tourn (corr)"]
[EventRounds "8"]
[SourceTitle "Corr 2008"]
[Source "ChessBase"]
[SourceDate "2008.06.24"]
[SourceVersion "1"]
[SourceVersionDate "2008.06.24"]
[SourceQuality "1"]

1. e4 c5 2. Nf3 e6 3. d4 cxd4 4. Nxd4 Nf6 5. Nc3 Bb4 6. e5 Nd5 7. Bd2 Nxc3 8. bxc3 Be7 9. Qg4 g6 10. h4 Nc6 11. Qg3 d6 12. Nxc6 bxc6 13. h5 d5 14. hxg6 fxg6 15. Bd3 Kd7 16. c4 Bb7 17. cxd5 cxd5 18. Bb5+ Kc8 19. Qh3 Qb6 20. Rb1 Kc7 21. Rb3 Bc5 22. Bd3 Qc6 23. Ba5+ Kb8 24. 0-0 Bb6 25. Bxb6 axb6 26. Rfb1 Ka7 27. Qg4 d4 28. Rxb6 1-0

[Event "IECG WC.2003.S.00010 email"]
[Site "IECG email"]
[Date "2001.04.01"]
[Round "?"]
[White "Eckstein, Michael"]
[Black "Authier, Alain"]
[Result "1/2-1/2"]
[WhiteElo "2358"]
[BlackElo "2047"]
[PlyCount "46"]
[EventDate "2001.04.01"]
[EventType "tourn (corr)"]
[EventRounds "8"]
[SourceTitle "Corr 2008"]
[Source "ChessBase"]
[SourceDate "2008.06.24"]
[SourceVersion "1"]
[SourceVersionDate "2008.06.24"]
[SourceQuality "1"]

1. c4 c5 2. Nf3 Nf6 3. Nc3 Nc6 4. g3 e6 5. Bg2 d5 6. cxd5 Nxd5 7. 0-0 Be7 8. d4 Nxd4 9. Nxd4 Nxc3 10. bxc3 cxd4 11. cxd4 0-0 12. Rb1 Rb8 13. e4 b6 14. Qd3 Bb7 15. Rd1 Bd6 16. Bb2 Rc8 17. d5 exd5 18. exd5 Qd7 19. Re1 Rce8 20. Bd4 Rxe1+ 21. Rxe1 Re8 22. Rxe8+ Qxe8 23. h3 Qa4 1/2-1/2

[Event "IECG WC.2004.P.00002 email"]
[Site "IECG email"]
[Date "2001.01.22"]
[Round "?"]
[White "Authier, Alain"]
[Black "Abdelmoumen, Ahmed"]
[Result "1/2-1/2"]
[WhiteElo "2035"]
[BlackElo "1824"]
[PlyCount "59"]
[EventDate "2001.01.22"]
[EventType "tourn (corr)"]
[EventRounds "8"]
[SourceTitle "Corr 2008"]
[Source "ChessBase"]
[SourceDate "2008.06.24"]
[SourceVersion "1"]
[SourceVersionDate "2008.06.24"]
[SourceQuality "1"]

1. e4 c5 2. Nf3 d6 3. d4 cxd4 4. Nxd4 Nf6 5. Nc3 g6 6. Be3 Bg7 7. f3 0-0 8. Qd2 Nc6 9. Bc4 Bd7 10. 0-0-0 Rc8 11. Bb3 Ne5 12. h4 Nc4 13. Bxc4 Rxc4 14. h5 Nxh5 15. g4 Nf6 16. Kb1 Re8 17. Nd5 e6 18. Nxf6+ Qxf6 19. Qh2 e5 20. Qxh7+ Kf8 21. Nf5 gxf5 22. gxf5 Bxf5 23. Qxf5 Qxf5 24. exf5 Rd8 25. Bxa7 Rf4 26. Bb6 Rd7 27. Rh3 Rxf5 28. Rg3 d5 29. c3 Rh5 30. Bc5+ 1/2-1/2

[Event "IECG WC.2004.P.00002 email"]
[Site "IECG email"]
[Date "2001.01.22"]
[Round "?"]
[White "Authier, Alain"]
[Black "Kaufmann, Michael"]
[Result "1-0"]
[WhiteElo "2035"]
[BlackElo "2167"]
[PlyCount "45"]
[EventDate "2001.01.22"]
[EventType "tourn (corr)"]
[EventRounds "8"]
[SourceTitle "Corr 2008"]
[Source "ChessBase"]
[SourceDate "2008.06.24"]
[SourceVersion "1"]
[SourceVersionDate "2008.06.24"]
[SourceQuality "1"]

1. e4 e5 2. f4 exf4 3. Nf3 d5 4. exd5 Nf6 5. Bc4 Nxd5 6. 0-0 Be6 7. Bb3 Bd6 8. c4 Nb6 9. d4 Nxc4 10. Qe2 b5 11. a4 Nc6 12. axb5 N6a5 13. Bc2 c6 14. b3 Ne3 15. Bxe3 fxe3 16. Qxe3 cxb5 17. Nc3 Be7 18. d5 Nb7 19. Nd4 Bd7 20. Nc6 Bxc6 21. dxc6 Nd6 22. Nd5 Nc8 23. Rad1 1-0

[Event "IECG WC.2004.P.00002 email"]
[Site "IECG email"]
[Date "2001.01.22"]
[Round "?"]
[White "Haug, Ulrich"]
[Black "Authier, Alain"]
[Result "1/2-1/2"]
[WhiteElo "1547"]
[BlackElo "2035"]
[PlyCount "76"]
[EventDate "2001.01.22"]
[EventType "tourn (corr)"]
[EventRounds "8"]
[SourceTitle "Corr 2008"]
[Source "ChessBase"]
[SourceDate "2008.06.24"]
[SourceVersion "1"]
[SourceVersionDate "2008.06.24"]
[SourceQuality "1"]

1. d4 Nf6 2. c4 e6 3. Nc3 Bb4 4. Qc2 0-0 5. Bg5 c5 6. e3 cxd4 7. exd4 Nc6 8. Nf3 h6 9. Bd2 d5 10. c5 e5 11. dxe5 Ng4 12. Nb5 Qa5 13. a3 a6 14. Nbd4 Bxd2+ 15. Qxd2 Qxd2+ 16. Kxd2 Nxd4 17. Nxd4 Nxf2 18. Rg1 Ne4+ 19. Ke3 Re8 20. b4 Rxe5 21. Nf3 Re7 22. Kd4 Bg4 23. Ne5 Bh5 24. Re1 Rae8 25. Nd3 Nd2 26. Rxe7 Rxe7 27. Kc3 Nxf1 28. Rxf1 f6 29. Re1 Rxe1 30. Nxe1 Kf7 31. Nc2 Bg6 32. Nd4 Ke7 33. g3 Kd7 34. a4 Be4 35. b5 axb5 36. axb5 f5 37. Kb4 Kc8 38. Ka5 g5 1/2-1/2

[Event "Val d'Or op"]
[Site "Val d'Or"]
[Date "2000.05.21"]
[Round "3"]
[White "Authier, Alain"]
[Black "Lecomte, Andre"]
[Result "0-1"]
[WhiteElo "1651"]
[BlackElo "1890"]
[PlyCount "155"]
[EventDate "2000.05.??"]
[EventType "swiss"]
[EventRounds "4"]
[EventCountry "CAN"]
[SourceTitle "EXT 2005"]
[Source "ChessBase"]
[SourceDate "2004.11.15"]
[SourceVersion "1"]
[SourceVersionDate "2004.11.15"]
[SourceQuality "1"]

1. e4 c5 2. Nc3 Nc6 3. f4 e6 4. Nf3 d5 5. e5 Nge7 6. d4 Nf5 7. Bb5 Bd7 8. Ne2 Qa5+ 9. Nc3 Nfxd4 10. Bxc6 Nxf3+ 11. Qxf3 Bxc6 12. Bd2 Qa6 13. Qg3 0-0-0 14. a3 d4 15. Na2 Be4 16. Rc1 Kb8 17. c4 Qc6 18. 0-0 Be7 19. b4 b6 20. b5 Qb7 21. Rf2 h5 22. a4 h4 23. Qa3 h3 24. g3 f6 25. Re1 f5 26. Ra1 Kc7 27. a5 Rhg8 28. Nc1 d3 29. Rb1 g5 30. Rb2 gxf4 31. Bxf4 Rd7 32. a6 Qa8 33. Rbd2 Qd8 34. Nb3 Kb8 35. Qc1 Bg5 36. Qe1 Bxf4 37. Rxf4 Qc7 38. Rxe4 fxe4 39. Qxe4 Rf8 40. Rd1 Rf5 41. Rxd3 Rxd3 42. Qxd3 Rxe5 43. Qf1 Qd8 44. Qf3 Qd7 45. g4 Re1+ 46. Kf2 Rb1 47. Qf8+ Kc7 48. Qf4+ Kd8 49. Qf8+ Qe8 50. Qf3 Ke7 51. Qxh3 Qf7+ 52. Ke2 Rb2+ 53. Kd1 Qf2 54. Qh7+ Kd6 55. Qd3+ Ke5 56. Nd2 Qg1+ 57. Nf1 Qd4 58. Qxd4+ cxd4 59. Nd2 Kf4 60. Kc1 Ra2 61. Nb3 e5 62. c5 bxc5 63. Nxc5 Rxh2 64. Nd3+ Ke4 65. Nb4 d3 66. b6 axb6 67. a7 Rh8 68. g5 Kf5 69. Nxd3 Ra8 70. g6 Rxa7 71. Nb4 Rg7 72. Nc6 Rxg6 73. Ne7+ Kf6 74. Nxg6 Kxg6 75. Kd2 Kf5 76. Kd3 b5 77. Ke2 Kf4 78. Kd3 0-1

[Event "IECG WC.2003.P.00010 email"]
[Site "IECG email"]
[Date "2000.??.??"]
[Round "?"]
[White "Authier, Alain"]
[Black "Chuprys, Viktar"]
[Result "1-0"]
[WhiteElo "1846"]
[BlackElo "1053"]
[PlyCount "77"]
[EventDate "2000.01.26"]
[EventType "tourn (corr)"]
[EventRounds "10"]
[SourceTitle "Corr 2008"]
[Source "ChessBase"]
[SourceDate "2008.06.24"]
[SourceVersion "1"]
[SourceVersionDate "2008.06.24"]
[SourceQuality "1"]

1. e4 e5 2. Nf3 Nc6 3. Bb5 a6 4. Ba4 Nf6 5. 0-0 Be7 6. Re1 b5 7. Bb3 0-0 8. d3 d6 9. c3 Na5 10. Bc2 c5 11. Nbd2 Nc6 12. Nf1 h6 13. Ng3 Kh7 14. h3 Be6 15. d4 cxd4 16. cxd4 Bd7 17. Bd2 Rc8 18. a4 Qc7 19. axb5 axb5 20. Bd3 Ra8 21. Qb3 Kg8 22. d5 Na5 23. Qa3 Nc4 24. Qxa8 Rxa8 25. Rxa8+ Kh7 26. Bxc4 Qxc4 27. Rc1 Qb3 28. Rc7 Qxb2 29. Rb8 Qb1+ 30. Kh2 Qd3 31. Rbb7 Bd8 32. Rxd7 Nxd7 33. Rxd7 Bb6 34. Rxf7 Kg8 35. Rd7 Bxf2 36. Nh5 Bc5 37. Rxg7+ Kf8 38. Rd7 Be3 39. Nxe5 1-0

[Event "IECG LM.2000.0.00005 email"]
[Site "IECG email"]
[Date "2000.??.??"]
[Round "?"]
[White "Authier, Alain"]
[Black "Dikmen, Ali Semih"]
[Result "1-0"]
[WhiteElo "1937"]
[BlackElo "2246"]
[PlyCount "67"]
[EventDate "2000.08.28"]
[EventType "tourn (corr)"]
[EventRounds "14"]
[SourceTitle "Corr 2008"]
[Source "ChessBase"]
[SourceDate "2008.06.24"]
[SourceVersion "1"]
[SourceVersionDate "2008.06.24"]
[SourceQuality "1"]

1. e4 c5 2. Nf3 d6 3. d4 cxd4 4. Nxd4 Nf6 5. Nc3 a6 6. f3 Nc6 7. Be3 g6 8. Qd2 Bg7 9. 0-0-0 Bd7 10. g4 h5 11. g5 Nh7 12. h4 Ne5 13. f4 Ng4 14. Bg1 0-0 15. Bc4 b5 16. Bb3 Rc8 17. f5 Ne5 18. fxg6 Nxg6 19. Nf5 Bxc3 20. bxc3 Qc7 21. Qe2 Qc6 22. Bd4 e5 23. Qxh5 Kh8 24. Qh6 Bxf5 25. exf5 Ne7 26. g6 fxg6 27. fxg6 Nxg6 28. Qxg6 exd4 29. Rhg1 Qc7 30. h5 d5 31. Bxd5 Nf6 32. h6 Nxd5 33. Qg7+ Qxg7 34. hxg7+ 1-0

[Event "IECG WC.2003.P.00010 email"]
[Site "IECG email"]
[Date "2000.??.??"]
[Round "?"]
[White "De Donatis, Daniele"]
[Black "Authier, Alain"]
[Result "0-1"]
[WhiteElo "1302"]
[BlackElo "1846"]
[PlyCount "42"]
[EventDate "2000.01.26"]
[EventType "tourn (corr)"]
[EventRounds "10"]
[SourceTitle "Corr 2008"]
[Source "ChessBase"]
[SourceDate "2008.06.24"]
[SourceVersion "1"]
[SourceVersionDate "2008.06.24"]
[SourceQuality "1"]

1. e4 c5 2. Nf3 Nc6 3. d4 cxd4 4. Nxd4 Nf6 5. Nc3 e5 6. Ndb5 d6 7. Bg5 a6 8. Na3 b5 9. Bxf6 gxf6 10. Nd5 f5 11. exf5 Bxf5 12. Qf3 Nd4 13. Nc7+ Qxc7 14. Qxa8+ Ke7 15. c3 b4 16. cxb4 Bh6 17. Qxa6 Rb8 18. Bc4 Be4 19. Bd3 Rb6 20. 0-0 Rxa6 21. Bxa6 Qc6 0-1

[Event "IECG WC.2003.P.00010 email"]
[Site "IECG email"]
[Date "2000.??.??"]
[Round "?"]
[White "Gralke, Wolfgang"]
[Black "Authier, Alain"]
[Result "1/2-1/2"]
[WhiteElo "956"]
[BlackElo "1846"]
[PlyCount "78"]
[EventDate "2000.01.26"]
[EventType "tourn (corr)"]
[EventRounds "10"]
[SourceTitle "Corr 2008"]
[Source "ChessBase"]
[SourceDate "2008.06.24"]
[SourceVersion "1"]
[SourceVersionDate "2008.06.24"]
[SourceQuality "1"]

1. e4 c5 2. Nf3 Nc6 3. d4 cxd4 4. Nxd4 Nf6 5. Nc3 e5 6. Ndb5 d6 7. Bg5 a6 8. Bxf6 gxf6 9. Na3 b5 10. Nd5 f5 11. exf5 Bxf5 12. Qf3 Nd4 13. Nc7+ Qxc7 14. Qxa8+ Ke7 15. c3 b4 16. cxb4 Bh6 17. Qxa6 Rb8 18. Rd1 Rxb4 19. Bd3 Rb6 20. Qa4 Bxd3 21. Rxd3 Qc1+ 22. Qd1 Qxd1+ 23. Rxd1 Rxb2 24. 0-0 d5 25. Rfe1 Kf6 26. Nb1 Rxa2 27. Nc3 Ra5 28. Kf1 Kf5 29. Rd3 Bg5 30. g3 Nc2 31. g4+ Ke6 32. Rb1 Nd4 33. h4 Bxh4 34. Rb6+ Kd7 35. Rh3 Bd8 36. Rb7+ Ke6 37. Rxh7 e4 38. Rbxf7 Nf3 39. Ra7 Nh2+ 1/2-1/2

[Event "IECG L1.1999.0.00004 email"]
[Site "IECG email"]
[Date "1999.07.26"]
[Round "?"]
[White "Authier, Alain"]
[Black "Starace, Umberto"]
[Result "1-0"]
[WhiteElo "1821"]
[BlackElo "2054"]
[PlyCount "67"]
[EventDate "1999.07.26"]
[EventType "tourn (corr)"]
[EventRounds "14"]
[SourceTitle "Corr 2008"]
[Source "ChessBase"]
[SourceDate "2008.06.24"]
[SourceVersion "1"]
[SourceVersionDate "2008.06.24"]
[SourceQuality "1"]

1. e4 e5 2. f4 exf4 3. Nf3 g5 4. Bc4 Bg7 5. d4 d6 6. 0-0 h6 7. c3 Nc6 8. g3 Bh3 9. gxf4 Bxf1 10. Qxf1 gxf4 11. Bxf4 Qf6 12. Bg3 0-0-0 13. Nbd2 Nge7 14. Qh3+ Kb8 15. Rf1 d5 16. exd5 Nxd5 17. Ne5 Qg5 18. Ndf3 Qe7 19. Bh4 f6 20. Ng6 Nf4 21. Nxf4 Qe3+ 22. Kh1 Qxf4 23. Qg2 Qe4 24. Qxg7 Ne5 25. dxe5 Qxc4 26. Qg2 Rhg8 27. b3 Qxc3 28. Qf2 Rg4 29. exf6 Qc6 30. Bg3 Rg5 31. Kg1 Rgd5 32. Ne5 Qe6 33. f7 Rf8 34. Qf6 1-0

[Event "IECG L1.1999.0.00004 email"]
[Site "IECG email"]
[Date "1999.07.26"]
[Round "?"]
[White "Authier, Alain"]
[Black "Surender, Anil"]
[Result "1-0"]
[WhiteElo "1821"]
[BlackElo "1945"]
[PlyCount "73"]
[EventDate "1999.07.26"]
[EventType "tourn (corr)"]
[EventRounds "14"]
[SourceTitle "Corr 2008"]
[Source "ChessBase"]
[SourceDate "2008.06.24"]
[SourceVersion "1"]
[SourceVersionDate "2008.06.24"]
[SourceQuality "1"]

1. e4 e6 2. d4 d5 3. Nc3 Bb4 4. e5 c5 5. a3 Bxc3+ 6. bxc3 Ne7 7. Nf3 Bd7 8. a4 Qa5 9. Qd2 Nbc6 10. Bd3 cxd4 11. cxd4 Qxd2+ 12. Bxd2 Nf5 13. Bc3 Rc8 14. Ra3 Nce7 15. 0-0 Ng6 16. Bd2 Rc7 17. a5 0-0 18. Rb1 Rfc8 19. Rab3 Bc6 20. g4 Nfe7 21. h4 Nf8 22. h5 Rd8 23. Bb4 Nc8 24. a6 bxa6 25. Rc3 Nb6 26. Bxa6 Na4 27. Rcb3 Nb6 28. Bd6 Rcd7 29. Rc3 Nc4 30. Bxc4 dxc4 31. Nd2 Bd5 32. Nxc4 f6 33. Ne3 g6 34. h6 Be4 35. f4 g5 36. f5 exf5 37. gxf5 1-0

[Event "IECG L1.1999.0.00004 email"]
[Site "IECG email"]
[Date "1999.07.26"]
[Round "?"]
[White "Tanti, Joseph G"]
[Black "Authier, Alain"]
[Result "1/2-1/2"]
[WhiteElo "1973"]
[BlackElo "1821"]
[PlyCount "69"]
[EventDate "1999.07.26"]
[EventType "tourn (corr)"]
[EventRounds "14"]
[SourceTitle "Corr 2008"]
[Source "ChessBase"]
[SourceDate "2008.06.24"]
[SourceVersion "1"]
[SourceVersionDate "2008.06.24"]
[SourceQuality "1"]

1. e4 c5 2. Nf3 Nc6 3. d4 cxd4 4. Nxd4 Nf6 5. Nc3 e5 6. Ndb5 d6 7. Bg5 a6 8. Na3 b5 9. Bxf6 gxf6 10. Nd5 f5 11. Bd3 Be6 12. 0-0 Bxd5 13. exd5 Ne7 14. c3 Bg7 15. Qh5 e4 16. Bc2 Qc8 17. Rae1 Qc5 18. Bb3 a5 19. Qe2 a4 20. Bc2 Ra5 21. Nxb5 Nxd5 22. Bxe4 fxe4 23. Qxe4+ Kd8 24. c4 Be5 25. Rd1 Nc7 26. b4 axb3 27. axb3 Re8 28. Qh4+ f6 29. b4 Qxb4 30. Nxc7 Kxc7 31. Rb1 Bb2 32. Qxh7+ Kc6 33. Qg6 Rae5 34. Qxf6 Qxc4 35. h3 1/2-1/2

[Event "Rouyn-Noranda Retrouvailles"]
[Site "Rouyn"]
[Date "1986.12.21"]
[Round "4"]
[White "Keeney, Dave"]
[Black "Authier, Alain"]
[Result "1-0"]
[WhiteElo "1433"]
[BlackElo "1498"]
[PlyCount "79"]
[EventDate "1986.12.19"]
[EventType "swiss"]
[EventRounds "5"]
[EventCountry "CAN"]
[SourceTitle "EXT 2022"]
[Source "ChessBase"]
[SourceDate "2021.10.06"]
[SourceVersion "1"]
[SourceVersionDate "2021.10.06"]
[SourceQuality "1"]

1. e4 e5 2. Nf3 Nc6 3. Bb5 a6 4. Ba4 d6 5. Bxc6+ bxc6 6. d4 f6 7. Nc3 Be6 8. Qe2 Ne7 9. 0-0 Ng6 10. dxe5 fxe5 11. Ng5 Qd7 12. Nxe6 Qxe6 13. f4 exf4 14. Bxf4 Nxf4 15. Rxf4 Be7 16. Qh5+ Kd7 17. Raf1 Bf6 18. Qf3 Bd4+ 19. Kh1 Rhe8 20. Rf7+ Kc8 21. e5 d5 22. Rxg7 Qxe5 23. Rxh7 Kb7 24. Na4 Rf8 25. Rf7 Rxf7 26. Qxf7 Rh8 27. Qf4 Bxb2 28. Nc5+ Ka7 29. Qxe5 Bxe5 30. h3 Bd6 31. Nd3 Rh4 32. Rf5 Ra4 33. g4 Rxa2 34. Rf2 Bg3 35. g5 Bxf2 36. Nxf2 Ra4 37. g6 Rf4 38. g7 Rxf2 39. g8Q a5 40. Qg1 1-0